Statistics for 23 Most Common J Words In English

Click here to take the quiz!

General Stats

  • This quiz has been taken 54 times
  • The average score is 10 of 23

Answer Stats

J% Correct
just
86%
jump
73%
Jew
71%
jet
67%
joke
63%
jail
61%
join
61%
joy
61%
jury
61%
job
53%
judge
49%
juice
49%
justice
49%
joint
45%
Jewish
29%
jacket
24%
justify
22%
Japanese
20%
judgment
18%
journey
16%
junior
12%
journal
10%
journalist
6%

Score Distribution

Percentile by Number Answered

Percent of People with Each Score

Your Score History

You have not taken this quiz